[Event "Rishon Le Ziyyon"]
[Site "Rishon Le Ziyyon"]
[Date "1994.??.??"]
[Round "10"]
[White "Shmuter, Leonid"]
[Black "Sutovsky, Emil"]
[Result "0-1"]
[WhiteElo "2470"]
[BlackElo "2480"]
[Annotator "Horvath,Ta"]
[PlyCount "60"]
[EventDate "1994.11.??"]
[EventType "tourn"]
[EventRounds "11"]
[EventCountry "ISR"]
[EventCategory "11"]
[SourceTitle "CBM 045"]
[Source "ChessBase"]
[SourceDate "1995.04.01"]
[SourceVersion "1"]
[SourceVersionDate "1995.04.01"]
[SourceQuality "1"]

1. e4 c5 2. Nf3 Nc6 3. d4 cxd4 4. Nxd4 Nf6 5. Nc3 e5 6. Ndb5 d6 7. Bg5 a6 8.
Na3 b5 9. Nd5 Be7 10. Bxf6 Bxf6 11. c3 Bg5 12. Nc2 Rb8 13. a4 bxa4 14. Ncb4 Bd7
15. Bxa6 Nxb4 16. cxb4 (16. Nxb4 Qa5 17. Bd3 Rxb4 $1 $17) 16... O-O 17. b3 (17.
O-O Bc6 $1 18. b5 Bxb5 19. Bxb5 Rxb5 20. Qe2 Qd7 $13) 17... Ra8 18. Bc4 $2 (18.
b5 $5 Bxb5 19. Bxb5 Qa5+ 20. b4 Qxb5 21. Qe2 $44) 18... axb3 19. Bxb3 Bb5 20.
h4 Rxa1 21. Qxa1 Bxh4 22. Nc3 $2 (22. Qc3 $142) 22... Qg5 $1 23. g3 (23. Nxb5
Qe3+ $19) 23... Bxg3 24. Kd1 Qg4+ 25. Kc2 Bxf2 26. Qd1 Qg2 27. Nxb5 Bg1+ 28.
Kd3 Qxh1 29. Nxd6 Qh3+ 30. Kc2 Bd4 0-1

[Event "Linares Anibal op 04th"]
[Site "Linares"]
[Date "1997.??.??"]
[Round "9"]
[White "Zapata, Alonso"]
[Black "Filippov, Valerij"]
[Result "0-1"]
[WhiteElo "2515"]
[BlackElo "2510"]
[Annotator "Horvath,Ta"]
[PlyCount "138"]
[EventDate "1997.02.??"]
[EventType "swiss"]
[EventRounds "10"]
[EventCountry "ESP"]
[SourceTitle "CBM 058"]
[Source "ChessBase"]
[SourceDate "1997.06.01"]
[SourceVersion "1"]
[SourceVersionDate "1997.06.01"]
[SourceQuality "1"]

1. e4 c5 2. Nf3 e6 3. d4 cxd4 4. Nxd4 Nf6 5. Nc3 Nc6 6. Ndb5 d6 7. Bf4 e5 8.
Bg5 a6 9. Na3 b5 10. Nd5 Be7 11. Bxf6 Bxf6 12. c3 O-O 13. Nc2 Bg5 14. h4 Bh6
15. g3 {In Betracht kommt auch} (15. g4 Bf4 16. Nxf4 exf4 17. f3 Ne5 18. Be2
Bb7 19. Nb4 d5 $1 {mit schwarzem Gegenspiel.}) 15... Rb8 16. Bh3 $6 {Wenn
Schwarz nehmen muß, bekommt der Anziehende Recht, weil die weißen Felder
schwach bleiben. Es kommt aber:} Be6 17. Qd3 Qd7 18. Bg2 {und Weiß hat ein
Tempo verloren.} a5 19. O-O Ne7 $10 20. Nce3 Bxe3 21. Nxe3 Rb6 22. Rfd1 Rc8 23.
Rd2 f6 24. Kh2 Rc7 25. Qf1 Qe8 $1 26. Bh3 Bf7 27. Qd1 Rcc6 28. b3 $6 Rxc3 29.
Rxd6 Rxd6 30. Qxd6 Nc6 31. Bd7 Qd8 32. Nf5 (32. Rd1 Nd4 33. Nf5 Rc7 34. Bxb5
Qxd6 35. Nxd6 Rc2 $10) 32... Nd4 33. Bxb5 (33. Nxd4 Rd3 34. Qc5 Qxd7 35. Nxb5
Qg4 {Schwarz steht aktiver, er hat gefährliches Gegenspiel auf den weißen
Feldern.}) 33... Qxd6 34. Nxd6 Rc2 35. Kg1 Kf8 36. Bc4 (36. Nxf7 Kxf7 37. Bc4+
Ke7 $44) 36... Bg6 37. Bd5 $2 Ne2+ 38. Kf1 Nc3 39. a3 Nxd5 40. exd5 Rd2 $17 41.
Rc1 Rxd5 42. Nb7 $2 (42. Nc4 Bd3+ 43. Ke1 Bxc4 44. bxc4 (44. Rxc4 Rd3 45. a4
Rxb3 46. Rc5 Rb2 47. Rxa5 Kf7 $10) 44... Rd3 45. c5 Ke8 46. c6 Kd8 47. Rb1 $1
$10) 42... Rb5 43. Rc8+ Ke7 44. Rc7+ Ke6 45. Nd8+ Kf5 46. Ra7 Rd5 47. Nc6 Ke4
48. Kg2 Bh5 49. g4 Bxg4 50. Rxg7 Bf3+ 51. Kh2 Rd2 52. Nxa5 Rxf2+ 53. Kg1 Ra2
54. Nc4 Kf4 55. Rxh7 f5 56. h5 e4 57. h6 e3 58. Nxe3 Kxe3 59. Re7+ Kf4 60. h7
Rg2+ 61. Kf1 Rh2 62. a4 Kg3 63. Ke1 f4 64. a5 Bg4 65. a6 f3 66. Rf7 Re2+ 67.
Kd1 f2 68. a7 Re8+ 69. Kd2 Kg2 0-1

[Event "RUS-chT 03rd"]
[Site "Kazan"]
[Date "1995.??.??"]
[Round "2"]
[White "Svidler, Peter"]
[Black "Filippov, Valerij"]
[Result "1/2-1/2"]
[WhiteElo "2635"]
[BlackElo "2510"]
[Annotator "Horvath,Ta"]
[PlyCount "75"]
[EventDate "1995.??.??"]
[EventType "team-tourn"]
[EventRounds "9"]
[EventCountry "RUS"]
[SourceTitle "CBM 051"]
[Source "ChessBase"]
[SourceDate "1996.04.01"]
[SourceVersion "1"]
[SourceVersionDate "1996.04.01"]
[SourceQuality "1"]
[WhiteTeam "Sankt Petersburg FINEK"]
[BlackTeam "Kemerovo SDYuShOR Politekhnik"]
[WhiteTeamCountry "RUS"]
[BlackTeamCountry "RUS"]

1. e4 c5 2. Nf3 e6 3. Nc3 Nc6 4. d4 cxd4 5. Nxd4 Nf6 6. Ndb5 d6 7. Bf4 e5 8.
Bg5 a6 9. Na3 b5 10. Bxf6 gxf6 11. Nd5 f5 12. c3 Bg7 13. exf5 Bxf5 14. Nc2 Be6
15. g3 O-O 16. Bg2 a5 17. O-O f5 18. Re1 $5 (18. Qh5 {18.a4;
Ndb4=>Topalov-Krasenkov/CBM/49/107,18.Nf4=>Lutz-Horvath,T/BL./1995/96 CBM/50/
108}) 18... Rc8 19. Qd2 Kh8 20. Rad1 e4 21. f4 (21. f3 $6 Bxd5 $1 22. Qxd5 Qb6+
23. Kh1 Ne5 24. Qxd6 Rc6 $17) 21... b4 $1 22. Nce3 (22. cxb4 $6 Bxd5 $1 23.
Qxd5 Qb6+ 24. Kh1 Ne7 $1 (24... Nxb4 $10) 25. Qd2 d5 $17) 22... bxc3 23. bxc3
a4 24. g4 fxg4 25. Bxe4 Ne7 26. Qf2 (26. c4 Bxd5 27. Bxd5 Nxd5 $1 (27... Rxf4
28. Be6 Rc5 29. Nxg4 (29. Qxd6 Qxd6 30. Rxd6 Bd4 $13) 29... Ng6 30. Qxd6 Qxd6
31. Rxd6 Rg5 32. Kh1 Rgxg4 33. Bxg4 Rxg4 34. c5 Rc4 35. Re8+ Nf8 36. c6 Kg8 37.
Re7 $16) 28. Qxd5 Rxf4 29. Qxd6 Qxd6 30. Rxd6 Bd4 $17) 26... Bxd5 27. Nxd5 Nxd5
28. Bxd5 Bxc3 29. Re4 a3 30. Kh1 Qf6 31. Qe2 Qh4 32. Rg1 Rb8 33. Rxg4 Qh5 $1
34. Rg5 Qxe2 35. Rxe2 Rxf4 36. Rg3 Be5 37. Rxa3 Rg4 38. Ra8 $10 1/2-1/2

[Event "RUS-ch"]
[Site "Elista"]
[Date "1996.??.??"]
[Round "4"]
[White "Rublevsky, Sergei"]
[Black "Sveshnikov, Evgeny"]
[Result "1/2-1/2"]
[WhiteElo "2645"]
[BlackElo "2535"]
[Annotator "Horvath,Ta"]
[PlyCount "73"]
[EventDate "1996.10.15"]
[EventType "swiss"]
[EventRounds "11"]
[EventCountry "RUS"]
[SourceTitle "CBM 056"]
[Source "ChessBase"]
[SourceDate "1997.02.01"]
[SourceVersion "1"]
[SourceVersionDate "1997.02.01"]
[SourceQuality "1"]

1. e4 c5 2. Nf3 Nc6 3. d4 cxd4 4. Nxd4 e5 5. Nb5 d6 6. a4 Be7 7. N1c3 a6 8. Na3
Be6 9. Bc4 Nf6 10. O-O O-O (10... Bxc4 $6 11. Nxc4 Nxe4 12. Nxe4 d5 13. Qg4 g6
14. Rd1 f5 15. Qg3 fxe4 16. Be3 $1 d4 17. Nxe5 Bd6 18. Nxc6 Bxg3 19. Nxd8 dxe3
{Rublevsky-Sveschnikov/Moscau/1991 und hier gewinnt nach Rublevsky problemenlos
} 20. hxg3 $1 exf2+ 21. Kxf2 Rxd8 22. Rxd8+ Kxd8 23. Rd1+) 11. Bg5 Nxe4 12.
Nxe4 Bxc4 13. Bxe7 Nxe7 14. Nxc4 d5 15. Qh5 dxc4 16. Qxe5 Ng6 17. Qf5 Qb6 18.
a5 Qc6 (18... Qxb2 19. Rab1 Qe5 20. Qxe5 Nxe5 21. Rxb7 $14) 19. f3 b6 20. Rfd1
bxa5 21. Qxa5 Rab8 22. Rd6 Qb5 23. Qxb5 Rxb5 24. Ra2 a5 25. Ra6 Rfb8 26. R2xa5
Rxa5 27. Rxa5 f5 28. Nd6 Rxb2 29. Ra8+ Nf8 30. c3 Rc2 31. Nb5 Kf7 32. Ra7+ Kf6
33. Rc7 Ne6 34. Rc6 (34. Rxc4 Rc1+ 35. Kf2 Rc2+ 36. Kg3 $6 (36. Kf1 $10) 36...
f4+ 37. Kh3 Ng5+ 38. Kh4 $2 (38. Kg4 Rxg2+ 39. Kxf4 Rxh2 $10) 38... Nxf3+ $1
39. gxf3 Rxh2+ 40. Kg4 h5+ 41. Kxf4 Rh4+ $19) 34... Rc1+ 35. Kf2 Ke5 36. Na3
Rxc3 37. Nxc4+ 1/2-1/2

[Event "RUS-ch"]
[Site "Elista"]
[Date "1996.??.??"]
[Round "6"]
[White "Aseev, Konstantin N"]
[Black "Shariyazdanov, Andrey"]
[Result "1/2-1/2"]
[WhiteElo "2560"]
[BlackElo "2470"]
[Annotator "Horvath,Ta"]
[PlyCount "49"]
[EventDate "1996.10.15"]
[EventType "swiss"]
[EventRounds "11"]
[EventCountry "RUS"]
[SourceTitle "CBM 056"]
[Source "ChessBase"]
[SourceDate "1997.02.01"]
[SourceVersion "1"]
[SourceVersionDate "1997.02.01"]
[SourceQuality "1"]

1. e4 c5 2. Nf3 Nc6 3. d4 cxd4 4. Nxd4 Nf6 5. Nc3 e5 6. Ndb5 d6 7. Bg5 a6 8.
Na3 b5 9. Nd5 Be7 10. Bxf6 Bxf6 11. c3 Bg5 12. Nc2 Ne7 {Dieser Zug wird
ziemlich selten gespielt, aber es ist eine spielbare Fortsetzung. Die Idee ist
klar: Es geht um das Feld d5.} 13. Ncb4 (13. Nxe7 Qxe7 14. a4 Rb8 $2 (14...
bxa4 $142) 15. axb5 O-O 16. Nb4 $16 {Svatos-Kolin/Praha/1993}) (13. h4 $2 Bxh4
$1 14. Rxh4 Nxd5 15. g3 Nb6 $17 {Suarez-Sato/Espana/1995}) 13... O-O 14. a4
bxa4 15. Rxa4 a5 16. Nxe7+ (16. Bb5 $5 Be6 17. Nxe7+ Qxe7 18. Bc6 Rac8 19. Rxa5
Rxc6 $1 20. Nxc6 Qb7 $44) 16... Qxe7 17. Nd5 Qb7 18. Ra2 Be6 19. Bc4 Rfc8 20.
Qd3 Qc6 21. b3 a4 22. O-O axb3 23. Rxa8 Qxa8 24. Bxb3 Qa7 25. Rb1 1/2-1/2

[Event "CZE-ch"]
[Site "Zlin"]
[Date "1997.??.??"]
[Round "6"]
[White "Kalod, Radek"]
[Black "Babula, Vlastimil"]
[Result "1/2-1/2"]
[WhiteElo "2455"]
[BlackElo "2535"]
[Annotator "Horvath,Ta"]
[PlyCount "94"]
[EventDate "1997.06.12"]
[EventType "tourn"]
[EventRounds "11"]
[EventCountry "CZE"]
[EventCategory "10"]
[SourceTitle "CBM 061"]
[Source "ChessBase"]
[SourceDate "1997.11.23"]
[SourceVersion "1"]
[SourceVersionDate "1997.11.23"]
[SourceQuality "1"]

1. e4 c5 2. Nf3 Nc6 3. d4 cxd4 4. Nxd4 Nf6 5. Nc3 e5 6. Ndb5 d6 7. Bg5 a6 8.
Na3 b5 9. Nd5 Be7 10. Bxf6 Bxf6 11. c3 Bg5 12. Nc2 O-O 13. a4 bxa4 14. Rxa4 a5
15. Bc4 Rb8 16. b3 Kh8 17. O-O g6 18. Qd3 (18. Kh1 Bh6 19. Nce3 Bg7 20. Qd2 f5
21. exf5 gxf5 22. f4 exf4 23. Nxf4 Ne5 24. Bd5 Bh6 25. g3 Bd7 26. Raa1 Rf6 27.
Nc2 Rb5 28. Ne3 Qc7 29. Qd4 Bc6 30. Rab1 Qb7 31. c4 Rb4 32. Bxc6 Qxc6+ {
Erneste,I-Cinar,N/EU-chTW 1997/EXP 57/1-0 (46)}) 18... f5 (18... Bd7 19. Raa1
f5 20. Rfd1 Bh6 21. Nde3 Rf6 22. f3 Ne7 23. Kh1 Bf4 24. b4 a4 25. Nd5 Nxd5 26.
Bxd5 Qf8 27. g3 Bg5 28. c4 f4 29. g4 h5 30. gxh5 Qh6 31. b5 Qxh5 32. Rxa4 Bh4
33. Rda1 {Shirov,A-Kramnik,V/Monaco blind 1995/EXP 46/1-0 (54)}) 19. f3 {
Hält fest das Zentrum,aber die schwarze Felder werden schwach.} Bd7 (19... fxe4
20. fxe4 Rxf1+ 21. Qxf1 Be6 22. Kh1 Rb7 23. Ra1 Rf7 24. Qe2 Qf8 25. Kg1 Qb8 26.
Rf1 Qa7+ 27. Kh1 Rxf1+ 28. Qxf1 Kg7 29. g3 h5 30. h4 Bd8 31. Nce3 Nb8 32. Kg2
Nd7 33. Qf2 Nc5 34. b4 a4 35. bxc5 Qxc5 36. Ba2 a3 37. Qf1 Qa7 38. Qb5 Qf7 39.
Qb8 Bg4 40. Qxd8 {1-0 Sluka,R-Vodicka,V/CZE-chT qual 1995/EXT 95ch}) 20. Raa1
Bh6 21. Rad1 Qh4 22. Qe2 Qh5 23. Na3 Nd8 $1 24. exf5 gxf5 25. Ne7 Rf6 26. Nb5
Bxb5 27. Bxb5 Bf4 28. g3 Bxg3 $1 29. hxg3 Rh6 30. Kf2 $8 Qg5 31. Rh1 Rxh1 32.
Rxh1 Qxe7 $15 33. Qd3 Ne6 34. Bc4 Ng5 35. Rh6 Rd8 36. Kg2 Kg7 37. Rh4 Rf8 (
37... Qf6 $5 38. Bd5 Rf8 39. Ra4 e4 40. fxe4 fxe4 41. Qd4 (41. Bxe4 $2 Qf2+ $19
) 41... Qxd4 42. cxd4 e3 43. Ra2 $15 (43. Rxa5 $2 Rf2+ 44. Kh1 e2 $19)) 38. Qd5
Qc7 39. f4 Ne4 40. Qe6 Kh8 41. fxe5 dxe5 42. Bd5 Qxc3 43. Bxe4 fxe4 44. Kh3 Qa1
45. Rh5 Qf1+ 46. Kh4 Qh1+ 47. Kg4 Qf3+ 1/2-1/2

[Event "San Francisco"]
[Site "San Francisco"]
[Date "1995.??.??"]
[Round "1"]
[White "Polgar, Sofia"]
[Black "Christiansen, Larry Mark"]
[Result "0-1"]
[WhiteElo "2500"]
[BlackElo "2570"]
[Annotator "Horvath,Ta"]
[PlyCount "146"]
[EventDate "1995.??.??"]
[EventType "game"]
[EventCountry "ARG"]
[SourceTitle "CBM 046"]
[Source "ChessBase"]
[SourceDate "1995.06.01"]
[SourceVersion "1"]
[SourceVersionDate "1995.06.01"]
[SourceQuality "1"]

1. e4 c5 2. Nf3 Nc6 3. d4 cxd4 4. Nxd4 e5 5. Nb5 d6 6. N1c3 a6 7. Na3 b5 8. Nd5
Nge7 {9.c4;9.Bg5!?=>B32 Eröffnungsdiskette} 9. Be3 Nxd5 10. exd5 Ne7 11. c4 Nf5
12. Bd2 Be7 13. cxb5 O-O 14. bxa6 e4 (14... Bxa6 15. Bxa6 Rxa6 16. O-O Qa8 17.
Bc3 Rc8 18. Qd3 g6 $44) 15. Nc2 Bf6 16. Rb1 Nh4 17. b4 Bxa6 (17... Rxa6 $5 18.
Bxa6 Bxa6 {/\Be5;f5;f4} 19. Ne3 Bd3 20. Rb3 Qa8 $44) 18. Bxa6 Rxa6 19. b5 Rxa2
20. Nb4 Ra3 (20... Rxd2 $5 21. Qxd2 Nxg2+ 22. Kf1 Qc8 23. Kxg2 (23. h3 Nh4 24.
Nc6 Qf5 {/\e3} 25. Rb3 $2 Ra8) 23... Qg4+ 24. Kf1 Qh3+ 25. Kg1 (25. Ke1 $4 Bc3
$19) 25... Qg4+ $10) 21. O-O Qd7 22. Bf4 (22. Nc6 Rf3 $1 23. Kh1 $1 Nxg2 (23...
Qg4 24. Rg1) 24. Kxg2 (24. Rg1 $5) 24... Qh3+ 25. Kh1 Rd3 26. b6 Rxd2 27. Qxd2
Qf3+ $10) 22... Bd8 23. Bg3 Nf5 24. Qc1 Nxg3 25. hxg3 Ra4 26. Qc6 Qa7 27. Nc2
Bb6 28. Ne3 (28. Rb3 Ra2 $17) 28... Bxe3 29. b6 Bxb6 30. Rxb6 e3 31. fxe3 Rg4
32. Kh2 Rg6 33. Qb7 Qxb7 (33... Qa3 $4 34. Qxf7+ $18) 34. Rxb7 f5 35. Rd7 h6
36. Rc1 $6 (36. Rf4 {/\e4=}) 36... Re8 37. Rc3 Re5 38. Rd8+ Kh7 39. Rd3 Re4 40.
Rf8 Rg5 41. Rd8 Rg6 42. Rf8 Re5 43. Rd8 h5 44. Rf8 Kh6 45. Rh8+ Kg5 46. Kg1 Rf6
47. Kf2 Kg4 48. Rd1 Kg5 49. Kf3 g6 50. Rh7 Re4 51. Rd2 Ra4 52. Rc2 Ra5 53. Rd2
Rb5 54. Rh8 Rb3 55. Kf2 Rf7 56. Re8 Ra7 57. Re6 Ra6 58. Kf3 Rb5 59. Kf2 Kh6 60.
Re7 Rab6 61. Kf3 Kg5 62. Re6 Rb1 63. Ke2 Rg1 64. Kf2 Rh1 65. Kf3 (65. e4 fxe4
66. Rxe4 Rbb1 67. Re6 Rhf1+ 68. Ke3 Rfe1+ 69. Kf2 Rf1+ (69... Rxe6 70. dxe6 Rb6
71. Re2 Rb8 72. Rd2 $10) 70. Ke3 Rbe1+ 71. Kd4 (71. Re2 Rxe2+ 72. Kxe2 Rf6 73.
Re4 Rf5 74. Rd4 Kf6 {/\Ke5-/+}) 71... Rxe6 72. dxe6 Kf6 73. Kd5 Ke7 $17) 65...
Rf1+ 66. Ke2 Ra1 67. Kf3 Rba6 68. Ke2 Kh6 69. Rc2 $2 (69. Kf2 $142) 69... Rg1
70. Kf3 Rd1 71. Rc6 $2 Ra2 72. g4 $8 (72. e4 Rd3+ 73. Kf4 Rf2#) 72... fxg4+ 73.
Kg3 Kg5 0-1

[Event "RUS-Cup9"]
[Site "Novgorod"]
[Date "1997.??.??"]
[Round "6"]
[White "Asrian, Karen"]
[Black "Kravtsov, Sergey"]
[Result "1-0"]
[WhiteElo "2440"]
[BlackElo "2370"]
[Annotator "Horvath,Ta"]
[PlyCount "67"]
[EventDate "1997.06.11"]
[EventType "swiss"]
[EventRounds "9"]
[EventCountry "RUS"]
[SourceTitle "CBM 060"]
[Source "ChessBase"]
[SourceDate "1997.09.29"]
[SourceVersion "1"]
[SourceVersionDate "1997.09.29"]
[SourceQuality "1"]

1. e4 c5 2. Nf3 Nc6 3. d4 cxd4 4. Nxd4 Nf6 5. Nc3 e5 6. Ndb5 d6 7. Bg5 a6 8.
Na3 b5 9. Bxf6 gxf6 10. Nd5 f5 11. Bd3 Be6 12. Qh5 Bg7 13. O-O f4 14. c4 bxc4
15. Bxc4 O-O 16. Rac1 Ne7 $6 {Kampf um "d5" fast immer gut, diese Stellung ist
aber eine Ausnahme!} (16... Rb8 {ist populär und gut.}) 17. Nc7 (17. Rfd1 Rc8
18. Nxe7+ Qxe7 19. Rc3 Kh8 20. b3 f5 21. Rh3 h6 22. Bxe6 Qxe6 23. Rhd3 Rcd8 24.
Qe2 $16) 17... Qxc7 (17... Bxc4 18. Rxc4 Ra7 19. Rfc1 d5 (19... Qd7 20. Qd1 f5
21. Nd5 Nxd5 22. Qxd5+ $16) 20. Nxd5 Nxd5 21. exd5 (21. Rd1 $2 Nf6 $19) 21...
Qxd5 $13) 18. Bxe6 Qb7 19. Bb3 Rad8 20. Rfd1 d5 21. exd5 Rd6 (21... Nxd5 $4 22.
Qf3 $18) 22. Nc4 Rh6 (22... Rxd5 $2 23. Nd6 $1 Rxd1+ 24. Rxd1 $18) 23. Qg4 Rg6
(23... f5 24. Qe2 $1 $18) 24. Qh3 Rg5 25. Nd6 Qb4 26. Nxf7 Rxf7 27. d6 Nf5 28.
d7 Bf6 29. d8=Q+ Bxd8 30. Rxd8+ Kg7 31. Bxf7 Qxb2 32. Rcd1 f3 33. Rg8+ Kxf7 34.
Rxg5 1-0

[Event "Val Thorens A"]
[Site "Val Thorens"]
[Date "1996.??.??"]
[Round "3"]
[White "Delchev, Aleksander"]
[Black "Horvath, Tamas"]
[Result "0-1"]
[WhiteElo "2510"]
[BlackElo "2410"]
[Annotator "Horvath,Ta"]
[PlyCount "62"]
[EventDate "1996.??.??"]
[EventType "swiss"]
[EventRounds "9"]
[EventCountry "FRA"]
[SourceTitle "CBM 054"]
[Source "ChessBase"]
[SourceDate "1996.10.01"]
[SourceVersion "1"]
[SourceVersionDate "1996.10.01"]
[SourceQuality "1"]

1. e4 c5 2. Nf3 e6 3. d4 cxd4 4. Nxd4 Nf6 5. Nc3 Nc6 6. Ndb5 d6 7. Bf4 e5 8.
Bg5 a6 9. Na3 b5 10. Bxf6 gxf6 11. Nd5 f5 12. c3 Bg7 13. exf5 Bxf5 14. Nc2 O-O
15. Nce3 Be6 16. g3 {Heute wissen wir schon, welche ist die besste Aufbau
gegen Bd3=>CBM53} f5 17. Bg2 a5 18. a3 $5 Ra7 $5 {Bekannt ist Rb8} 19. O-O Kh8
20. Qh5 Ne7 21. Rfd1 Ng8 $1 22. a4 $6 (22. f4 $142) 22... f4 $1 23. Nf1 (23.
Be4 Nh6 24. Nf1 Bg4 $19) 23... bxa4 24. Be4 Bh6 25. Rxa4 Rg7 26. f3 $2 (26. Qe2
fxg3 27. hxg3 Bg4 28. f3 Bh3 29. g4 Bf4 $40) 26... Qd7 $1 (26... Rg5 27. Qh4
Qe8 28. Rxa5 Rh5 29. Ra8 $1) 27. Rxa5 Bf7 28. Qh4 (28. Qf5 Qxf5 29. Bxf5 Bxd5
$19) 28... Bg5 29. Qg4 Be6 30. Qh5 Bxd5 31. Bxd5 Nf6 0-1

[Event "HUN-chT"]
[Site "Hungary"]
[Date "1995.??.??"]
[Round "?"]
[White "Feher, Gyula"]
[Black "Priehoda, Vitezslav"]
[Result "1-0"]
[WhiteElo "2410"]
[BlackElo "2390"]
[Annotator "Horvath,Ta"]
[PlyCount "49"]
[EventDate "1995.??.??"]
[EventType "team"]
[EventRounds "13"]
[EventCountry "HUN"]
[SourceTitle "CBM 043"]
[Source "ChessBase"]
[SourceDate "1994.12.01"]
[SourceVersion "1"]
[SourceVersionDate "1994.12.01"]
[SourceQuality "1"]

1. e4 c5 2. Nf3 e6 3. d4 cxd4 4. Nxd4 Nf6 5. Nc3 Nc6 6. Ndb5 d6 7. Bf4 e5 8.
Bg5 a6 9. Na3 b5 10. Nd5 Be7 11. Bxf6 Bxf6 12. c3 O-O 13. Nc2 Rb8 14. h4 Ne7
15. Nxf6+ gxf6 16. Qd2 Be6 17. O-O-O Nc6 18. Qh6 $1 (18. Qxd6 $6 Qb6 19. Qd2
Rfd8 $13) 18... Kh8 19. h5 Bxa2 20. Rh3 Rg8 21. Rhd3 b4 22. Rxd6 bxc3 23. b4 $1
Na5 $1 24. Bc4 $1 $18 Qe7 25. Bxa2 1-0

[Event "Czerniak Memorial 12th"]
[Site "Tel Aviv"]
[Date "1996.??.??"]
[Round "3"]
[White "Polgar, Sofia"]
[Black "Manor, Ilan"]
[Result "0-1"]
[WhiteElo "2495"]
[BlackElo "2510"]
[Annotator "Horvath,Ta"]
[PlyCount "118"]
[EventDate "1996.04.??"]
[EventType "tourn"]
[EventRounds "11"]
[EventCountry "ISR"]
[EventCategory "9"]
[SourceTitle "CBM 053"]
[Source "ChessBase"]
[SourceDate "1996.08.01"]
[SourceVersion "1"]
[SourceVersionDate "1996.08.01"]
[SourceQuality "1"]

1. e4 c5 2. Nf3 Nc6 3. d4 cxd4 4. Nxd4 Nf6 5. Nc3 e5 6. Ndb5 d6 7. Bg5 a6 8.
Na3 b5 9. Nd5 Qa5+ 10. Bd2 Qd8 11. c4 b4 $5 (11... Nxe4 12. cxb5 Be6 13. Bc4
Ne7 14. O-O Bxd5 15. Ba5 $1 (15. Bxd5 {Leko-San Segundo/CBM/45/82}) 15... Qxa5
16. Bxd5 Rc8 17. Bxe4 d5 18. Bc2 $1 axb5 19. Nxb5 $16 Rxc2 $2 20. Nd6+ Kd7 21.
Nxf7 $18) 12. Nc2 (12. Nxf6+ Qxf6 13. Bd3 Be7 $13 {De Firmian-San Segundo/CBM/
49/105}) (12. Nxb4 Nxb4 13. Bxb4 Nxe4 14. Qd5 $2 Qb6 $1 15. Qxa8 Qxb4+ 16. Ke2
Qxb2+ 17. Kf3 Qxa3+ 18. Kxe4 f5+ 19. Kd5 Qc5#) 12... a5 13. a3 $6 (13. b3 $142)
13... b3 14. Nxf6+ Qxf6 15. Ne3 a4 16. Nd5 Qd8 17. Be3 Rb8 18. Nc3 $2 Bd7 $1
19. Be2 (19. Nxa4 $2 Nd4 20. Bxd4 exd4 $19) 19... Be7 20. Bg4 Be6 21. Bxe6 fxe6
22. Qg4 Kf7 23. O-O h5 $5 24. Qd1 Na5 25. Qe2 Rc8 26. c5 dxc5 27. Nxa4 Qe8 28.
Nb6 Rb8 29. Nc4 Nxc4 30. Qxc4 Qb5 31. Qc3 $6 (31. Qxb5 Rxb5 32. Rfc1 $13) 31...
c4 32. f4 Rbd8 33. a4 Qc6 34. Rac1 Qxe4 35. Bb6 Rc8 36. fxe5+ Kg6 37. Qg3+ Qg4
38. Rf3 Rhf8 39. Qxg4+ hxg4 40. Rxf8 Bxf8 41. Bd4 Rd8 $1 42. Bc3 Bc5+ 43. Kf1
Be3 44. Rb1 Kf5 45. a5 Ke4 46. Ke2 Rh8 47. Rh1 Bd4 48. Kd2 Be3+ 49. Ke2 g3 50.
h3 Bd4 51. Bxd4 (51. Kd2 Rf8 $19) 51... Kxd4 52. Rd1+ Kxe5 53. Rd7 Rf8 54. Kd2
Rf2+ 55. Kc3 Rxg2 56. Rxg7 Rc2+ 57. Kb4 Kf4 58. h4 Rxb2 59. Kxc4 Ra2 0-1

[Event "Capablanca Memorial Elite 31st"]
[Site "Cienfuegos"]
[Date "1996.??.??"]
[Round "8"]
[White "Wahls, Matthias"]
[Black "Becerra Rivero, Julio"]
[Result "1-0"]
[WhiteElo "2555"]
[BlackElo "2530"]
[Annotator "Horvath,Ta"]
[PlyCount "85"]
[EventDate "1996.05.??"]
[EventType "tourn"]
[EventRounds "13"]
[EventCountry "CUB"]
[EventCategory "12"]
[SourceTitle "CBM 054"]
[Source "ChessBase"]
[SourceDate "1996.10.01"]
[SourceVersion "1"]
[SourceVersionDate "1996.10.01"]
[SourceQuality "1"]

1. e4 c5 2. Nf3 Nc6 3. d4 cxd4 4. Nxd4 Nf6 5. Nc3 e5 6. Ndb5 d6 7. Bg5 a6 8.
Na3 b5 9. Nd5 Be7 10. Bxf6 Bxf6 11. c3 Ne7 12. Nxf6+ gxf6 13. Bd3 d5 14. Qe2 $1
{Diesen Damenzug haben wir schon in unserem Buch Adorjan/Horvath,T: "Schwarz
ist Super in Sizilianisch Sweschnikow" empfohlen.} (14. exd5 {Leko-Nijboer/CBM/
53/123}) 14... Bb7 15. O-O-O Qc7 16. exd5 Nxd5 $2 (16... Bxd5 $142 17. Be4
O-O-O $14) 17. Be4 O-O-O (17... Nf4 18. Qf3 Bxe4 19. Qxe4 O-O 20. Nc2 Rad8 21.
Ne3 $16) 18. Qf3 Qc5 19. Nc2 Kc7 20. Bxd5 Rxd5 (20... Bxd5 21. Qxf6 Bxa2 $2 22.
Nb4 $18) 21. Qxf6 Rhd8 22. Qxf7+ R5d7 23. Qf6 $18 Bxg2 24. Rxd7+ Rxd7 25. Re1
Kb7 26. Rxe5 Qc7 27. Nb4 Rd6 28. Qg5 Rg6 29. Qe3 Rg7 30. Nd3 Bc6 31. Nc5+ Ka8
32. b3 a5 33. h4 a4 34. Rg5 Rxg5 35. hxg5 a3 36. b4 Qf7 37. Qd4 Qe8 38. Kd2 Bf3
39. Qd3 Bc6 40. Qxh7 Qf8 41. Nd3 Qd6 42. Qh8+ Kb7 43. Qe5 1-0

[Event "Moscow Alekhine op"]
[Site "Moscow"]
[Date "1992.??.??"]
[Round "?"]
[White "Yudasin, Leonid"]
[Black "Yakovich, Yuri"]
[Result "1/2-1/2"]
[WhiteElo "2635"]
[BlackElo "2520"]
[Annotator "Horvath,Ta"]
[PlyCount "78"]
[EventDate "1992.10.??"]
[EventType "swiss"]
[EventRounds "9"]
[EventCountry "RUS"]
[SourceTitle "CBM 033"]
[Source "ChessBase"]
[SourceDate "1993.04.01"]
[SourceVersion "1"]
[SourceVersionDate "1993.04.01"]
[SourceQuality "1"]

1. e4 c5 2. Nf3 Nc6 3. d4 cxd4 4. Nxd4 Nf6 5. Nc3 e6 6. Ndb5 d6 7. Bf4 e5 8.
Bg5 (8. Nd5 {Saitzew} Nxd5 9. exd5 exf4 10. dxc6 bxc6 11. Qf3 Qb6 12. Qxf4 Rb8
13. Nxd6+ Bxd6 14. Qxd6 Qxb2 15. Rd1 (15. Qxc6+ Bd7 16. Qe4+ Kf8 $19) 15...
Qc3+ 16. Qd2 Qe5+ $1 17. Be2 Be6 $15) 8... a6 9. Na3 b5 10. Nd5 Be7 11. Nxe7
Nxe7 12. Bd3 d5 (12... Bb7 13. Qe2 Ng6 $1 (13... Nd7 14. b4 $1 $14 {
Tschiburdanidze-Saitschik Baku 1979}) 14. O-O O-O 15. c4 h6 $1 16. Bxf6 Qxf6
17. cxb5 Nf4 18. Qf3 axb5 19. Nxb5 Qg6 20. Rfd1 Nxd3 21. Qxd3 Bxe4 22. Qg3 Rfb8
23. Nxd6 Rxb2 24. Nc4 {(1/2:1/2) Anand-Ivantscuk Linares m/4 1992}) 13. exd5
Nfxd5 (13... Qxd5 14. Qd2 Bf5 15. Bxf5 Qxd2+ 16. Bxd2 Nxf5 17. c4 O-O 18. O-O {
Aseew-Wishmanawin UdSSR 1990} Rab8 $5 $13) 14. c4 bxc4 15. Nxc4 f6 16. Bd2 O-O
17. O-O Bf5 $1 $13 18. Bxf5 Nxf5 19. Ba5 Qd7 20. Qg4 Ra7 21. Rfd1 Nd4 22. Qxd7
Rxd7 23. Kf1 Kf7 24. Rac1 Rb8 25. Rd3 Ke6 26. Ra3 Rc8 27. Bd2 Rc6 28. Ra5 Nc7
29. Ke1 Rd5 30. b3 Rxa5 31. Bxa5 Nd5 32. Bd2 h5 33. Kd1 h4 34. Ne3 Rxc1+ 35.
Kxc1 Nf4 36. Be1 h3 37. gxh3 Nxh3 38. Nc2 Nc6 39. Kd2 Kd5 1/2-1/2